| 000 | 00346nam a22001337a 4500 | ||
|---|---|---|---|
| 008 | 180903b xxu||||| |||| 00| 0 eng d | ||
| 020 | _a9781933890517 | ||
| 041 | _aeng | ||
| 080 |
_2 ED _a338 |
||
| 100 | _a54 | ||
| 101 | _aMAN | ||
| 245 |
_aA guide To The Project Management Body Of Knowledge Pmbok Guide _cJames M |
||
| 942 |
_2udc _cBK |
||
| 999 |
_c47440 _d47440 |
||